| 000 | 00969nam a2200253 a 4500 | ||
|---|---|---|---|
| 001 | 000037830 | ||
| 005 | 20260206120312.0 | ||
| 008 | 130306s2002 dr 000 0 spa d | ||
| 040 |
_aDO-SdBNP _bspa _cBNPHU |
||
| 082 |
_a614.1 _bH557d |
||
| 100 | 1 |
_aHernández, Julio Albérico _964285 |
|
| 245 | 1 | 0 |
_aDerecho y medicina legal / _cJulio Albérico Hernández ; prólogo Frank Reynaldo Fermín Ramírez. |
| 260 |
_aSanto Domingo : _bImpresora Sanmerycar, _c2002. |
||
| 300 |
_a373 p. ; _c22 cm. |
||
| 300 | _aIncluye datos biográficos del autor en la solapa de la cubierta. | ||
| 504 | _aBibliografía : p. 371-373 | ||
| 590 | _aInventariado, 2018/LP | ||
| 650 | 4 |
_aMedicina legal _xLegislación _zRepública Dominicana _949041 |
|
| 650 | 0 |
_aInvestigación criminal _96789 |
|
| 650 | 0 |
_aCiencias forenses _949042 |
|
| 650 | 4 |
_aPatología forense _920406 |
|
| 700 | 1 |
_aFermín Ramírez, Frank Reynaldo, _epról. _964286 |
|
| 910 | _aValidado. Control de calidad MFF | ||
| 999 |
_c37320 _d37320 |
||